书目信息 |
| 题名: |
室外给水设计标准
|
|
| 作者: | 中华人民共和国住房和城乡建设部 | |
| 分册: | ||
| 出版信息: | 北京 中国计划出版社 2019.07 |
|
| 页数: | 284页 | |
| 开本: | 20cm | |
| 丛书名: | ||
| 单 册: | ||
| 中图分类: | TU991.03-65 | |
| 科图分类: | ||
| 主题词: | 给水工程:市政工程 , 城市供水系统 | |
| 电子资源: | ||
| ISBN: | ||
| 000 | 00774nam0 2200217 450 | |
| 001 | 2044488443 | |
| 005 | 20210518165826.27 | |
| 010 | @dCNY58.00 | |
| 100 | @a20201103d2019 km y0chiy0120 ea | |
| 101 | 0 | @achi |
| 102 | @aCN@b110000 | |
| 200 | 1 | @a室外给水设计标准@Ashi wai gei shui she ji biao zhun@eGB 50013-2018@f中华人民共和国住房和城乡建设部@Fzhong hua ren min gong he guo zhu fang he cheng xiang jian she bu |
| 210 | @a北京@c中国计划出版社@d2019.07 | |
| 215 | @a284页@d20cm | |
| 517 | @aGB 50013-2018 | |
| 606 | 0 | @a给水工程:市政工程 |
| 606 | 0 | @a城市供水系统 |
| 690 | @aTU991.03-65@v4 | |
| 701 | 0 | @a中华人民共和国住房和城乡建设部@Azhong hua ren min gong he guo zhu fang he cheng xiang jian she bu |
| 801 | 0 | @aCN@bMUSE@c20201103 |
| 905 | @aMUSE@dTU991.03-65@eZ911 | |
| 室外给水设计标准:GB 50013-2018/中华人民共和国住房和城乡建设部.-北京:中国计划出版社,2019.07 |
| 284页;20cm |
| ISBN :CNY58.00 |
| ● |
| 相关链接 |
|
|
|
正题名:室外给水设计标准
索取号:TU991.03-65/Z911
 
预约/预借
| 序号 | 登录号 | 条形码 | 馆藏地/架位号 | 状态 | 备注 |
| 1 | 1502273 | 215022730 | 管理学院资料室/ [索取号:TU991.03/Z911] | 在馆 | |
| 2 | 1502731 | 215027316 | 市政与环境工程学院资料室/ [索取号:TU991.03-65/Z911] | 在馆 | |
| 3 | 1502732 | 215027325 | 市政与环境工程学院资料室/ [索取号:TU991.03-65/Z911] | 在馆 | |
| 4 | 1502733 | 215027334 | 市政与环境工程学院资料室/ [索取号:TU991.03-65/Z911] | 在馆 | |
| 5 | 1502734 | 215027343 | 市政与环境工程学院资料室/ [索取号:TU991.03-65/Z911] | 在馆 | |
| 6 | 1502735 | 215027352 | 市政与环境工程学院资料室/ [索取号:TU991.03-65/Z911] | 在馆 |